Henri d'Ofterdingen
Zapisane w:
| 1. autor: | |
|---|---|
| Format: | Książka |
| Język: | francuski niemiecki |
| Wydane: |
París
Montaigne
1950
|
| Seria: | Collection Bilingue des Classiques Etrangers
|
| Hasła przedmiotowe: | |
| Etykiety: |
Dodaj etykietę
Nie ma etykietki, Dołącz pierwszą etykiete!
|
MARC
| LEADER | 00000nam a2200000 a 4500 | ||
|---|---|---|---|
| 001 | UCO5384 | ||
| 003 | CL-VaPUC | ||
| 005 | 20250106122337.0 | ||
| 008 | 000901e19500000FR |||||||||||||||||fre|d | ||
| 999 | |c 291249 |d 291247 | ||
| 040 | |c Pontificia Universidad Católica de Valparaíso | ||
| 041 | 0 | 7 | |a fre |2 CL-VaPUC |
| 041 | 0 | 7 | |a ger |2 CL-VaPUC |
| 082 | 0 | 4 | |a 833 |b NOV |2 21 |
| 100 | 1 | |a Novalis |e autore |9 876328 | |
| 245 | 1 | 0 | |a Henri d'Ofterdingen |
| 246 | 1 | 0 | |a Henrich von Ofterdingen |
| 260 | |a París |b Montaigne |c 1950 | ||
| 300 | |a 449 p | ||
| 490 | 0 | |a Collection Bilingue des Classiques Etrangers | |
| 583 | |a last modification |c 20000901 00:00:00 |k Rodrigo Vera | ||
| 650 | 0 | |a Novelas alemanas |9 265783 | |
| 650 | 0 | |a Romanticismo alemán |9 375288 | |
| 650 | 0 | |a Romanticismo en la literatura |9 313777 | |
| 650 | 0 | |a Literatura alemana |9 265457 | |
| 942 | |c BK |2 ddc | ||
| 945 | |d 20000901 00:00:00 |a crobeson | ||
| 952 | |0 0 |1 0 |2 ddc |4 0 |6 833_000000000000000_NOV_1950 |7 0 |8 A |9 341050 |a BIBART |b BIBART |d 2019-11-20 |i 1219715 |o 833 NOV 1950 |p 1219715 |r 2019-11-20 |w 2019-11-20 |y BK |k ART | ||